| 000 | 00368nam a22001577a 4500 | ||
|---|---|---|---|
| 003 | CEME | ||
| 005 | 20210628203540.0 | ||
| 008 | 210317b xxu||||| |||| 00| 0 eng d | ||
| 040 | _c. | ||
| 082 | _a004.16 MSI'M | ||
| 100 |
_aMoterola _966182 |
||
| 245 | _aMc 68000 , family reference manual | ||
| 260 |
_aUSA _bMOTEROLA _c1995 |
||
| 300 | _a11-12 | ||
| 942 |
_cBK _2ddc |
||
| 999 |
_c574191 _d574191 |
||